000 00354nam a2200133 4500
005 20260530113850.0
100 1 _aSir Ernst Gombrich, OM
_931187
245 1 0 _aOn Pride and Prejudice in the Arts
264 1 _bPentagram Papers
_c1977
300 _a20 páginas
336 _atexto
_2rdacontent
337 _asin medio
_2rdamedia
338 _avolumen
_2rdacarrier
999 _c11439
_d11439